000 01125nam a2200337 a 4500
001 000111451
003 CHAP
005 20250128112554.0
008 150414s2014 mx a |r| ||||||spa d
010 _a107913
011 _a108885
020 _a9786079423032
040 _cCHAP
082 0 4 _a338.9
_bA97
100 1 0 _aAyala Garay, Alma Velia
_98938
245 1 0 _aÍndice de desarrollo rural integral y sustentable /
_cpor Alma Velia Ayala Garay, Rita Schwentesius Rindermann y Sergio R. Márquez Berber.
260 _aMéxico :
_bCEDRSSA
_bCámara de Diputados LXII Legislatura,
_c2014.
300 _a102 p. :
_bil.
504 _aIncluye bibliograia
590 _aE5995AHE
_b05
_c20150414
_lUCH01
_h1027
590 _aE5995AHE
_b05
_c20150414
_lUCH01
_h1256
650 1 4 _aDesarrollo economico
_zOaxaca.
_9126873
650 1 4 _aDesarrollo rural.
_932067
650 1 4 _aDesarrollo sustentable
_zSinaloa.
_9129330
650 1 4 _aInvestigaciones sociales.
_960214
700 1 _aSchwentesius Rindermann, Rita
_9103302
700 1 _aMárquez Berber, Sergio Roberto
_976297
901 _aBK
942 _cLIBRO
942 _n0
999 _c107913
_d107913